000
00211nam a2200085Ia 4500
008
120527s9999 xx 000 0 und d
100
_a
FAPOUNDA, Wale .et al
245
_a
Harmonized model constitution
942
_c
BK
999
_c
25381
_d
25381